| 000 | 00876nam a2200253 a 4500 | ||
|---|---|---|---|
| 001 | 42294 | ||
| 003 | BD-RjUL | ||
| 005 | 20211209053523.0 | ||
| 008 | 160611s1994 ii b 001 0 eng d | ||
| 020 | _a817100315X | ||
| 035 | _a(BD-RjUL)42412 | ||
| 040 |
_aUkOxU _beng _cUkOxU _dBD-RjUL |
||
| 041 | _aeng | ||
| 082 |
_223 _a328.30954 _bQUR 1994 |
||
| 100 | 1 |
_aQureshi, Mohammed Ahmad _d1945- _9130067 |
|
| 245 | 1 | 0 |
_aIndian Parliament : _bpowers, privileges, immunities / _cM.A. Qureshi ; foreword by Paras Diwan |
| 260 |
_aNew Delhi : _bDeep & Deep Publications, _cc1991 |
||
| 300 |
_a123 p. ; _c22 cm |
||
| 504 | _aBibliogr.: p. [119]-121and Index | ||
| 650 | 0 |
_aParliamentary practice _zIndia _9130026 |
|
| 650 | 0 |
_aRepresentative government and representation _zIndia _9130068 |
|
| 650 | 0 |
_aLegislative bodies _xPrivileges and immunities _zIndia _9130069 |
|
| 942 |
_2ddc _cBK |
||
| 999 |
_c42294 _d42294 |
||